<?xml version="1.0" encoding="UTF-8"?>
<record
    xmlns:xsi="http://www.w3.org/2001/XMLSchema-instance"
    xsi:schemaLocation="http://www.loc.gov/MARC21/slim http://www.loc.gov/standards/marcxml/schema/MARC21slim.xsd"
    xmlns="http://www.loc.gov/MARC21/slim">

  <leader>01928cam a22002655i 4500</leader>
  <controlfield tag="001">23788738</controlfield>
  <controlfield tag="005">20250916083043.0</controlfield>
  <controlfield tag="008">240719s2024    mau           000 0 eng  </controlfield>
  <datafield tag="010" ind1=" " ind2=" ">
    <subfield code="a">  2024942837</subfield>
  </datafield>
  <datafield tag="020" ind1=" " ind2=" ">
    <subfield code="a">9781035316335</subfield>
    <subfield code="q">(hardback)</subfield>
  </datafield>
  <datafield tag="020" ind1=" " ind2=" ">
    <subfield code="z">9781035316328</subfield>
    <subfield code="q">(ebook)</subfield>
  </datafield>
  <datafield tag="035" ind1=" " ind2=" ">
    <subfield code="a">23788738</subfield>
  </datafield>
  <datafield tag="040" ind1=" " ind2=" ">
    <subfield code="a">DLC</subfield>
    <subfield code="b">eng</subfield>
    <subfield code="e">rda</subfield>
    <subfield code="c">DLC</subfield>
  </datafield>
  <datafield tag="041" ind1=" " ind2=" ">
    <subfield code="a">English</subfield>
  </datafield>
  <datafield tag="042" ind1=" " ind2=" ">
    <subfield code="a">pcc</subfield>
  </datafield>
  <datafield tag="100" ind1=" " ind2=" ">
    <subfield code="a">Cheffins, Brian R,</subfield>
    <subfield code="e">author.</subfield>
    <subfield code="9">25893</subfield>
  </datafield>
  <datafield tag="245" ind1="1" ind2="0">
    <subfield code="a">Advanced Introduction to Corporate Governance Law and Regulation </subfield>
    <subfield code="c">/ Brian R Cheffins.</subfield>
  </datafield>
  <datafield tag="250" ind1=" " ind2=" ">
    <subfield code="a">First edition</subfield>
  </datafield>
  <datafield tag="264" ind1=" " ind2="1">
    <subfield code="a">Northampton :</subfield>
    <subfield code="b">Edward Elgar Publishing,</subfield>
    <subfield code="c">2024.</subfield>
  </datafield>
  <datafield tag="300" ind1=" " ind2=" ">
    <subfield code="a">282 pages</subfield>
  </datafield>
  <datafield tag="520" ind1=" " ind2=" ">
    <subfield code="a">Advanced Introduction to Corporate Governance Law and Regulation provides a key overview of the facets of corporate law essential to the governance of publicly traded companies. Brian R. Cheffins deploys a robust theoretical and multijurisdictional framework to analyse the elements of corporate law crucial for governance, offering incisive insights into both corporate law and corporate governance. Chapters use an influential &#x2018;contractarian&#x2019; approach to corporate law to explain the operation of public companies and consider company governance codes and systems; the role of the board and shareholders; and executive pay.

Key Features:

&#x25CF; Offers multijurisdictional perspectives on corporate governance law.
&#x25CF; Scrutinises the legal aspects of crucial corporate governance topics.
&#x25CF; Employs a robust theoretical approach, building upon &#x2018;contractarian&#x2019; analysis.

This authoritative Advanced Introduction will be a vital read for legal scholars and students of corporate governance and corporate law. It is also beneficial for professionals interested in further understanding the legal aspects of governance of public companies.</subfield>
    <subfield code="c">Provided by publisher.</subfield>
  </datafield>
  <datafield tag="650" ind1=" " ind2="0">
    <subfield code="a">Corporation law</subfield>
    <subfield code="9">5125</subfield>
  </datafield>
  <datafield tag="942" ind1=" " ind2=" ">
    <subfield code="2">lcc</subfield>
  </datafield>
  <datafield tag="952" ind1=" " ind2=" ">
    <subfield code="0">0</subfield>
    <subfield code="1">0</subfield>
    <subfield code="2">lcc</subfield>
    <subfield code="4">0</subfield>
    <subfield code="7">0</subfield>
    <subfield code="a">TBS</subfield>
    <subfield code="b">TBS</subfield>
    <subfield code="d">2025-09-16</subfield>
    <subfield code="l">0</subfield>
    <subfield code="o">K1365 CHE</subfield>
    <subfield code="r">2025-09-16</subfield>
    <subfield code="t">1</subfield>
    <subfield code="w">2025-09-16</subfield>
    <subfield code="y">1</subfield>
    <subfield code="z">SOON AVAILABLE</subfield>
  </datafield>
  <datafield tag="999" ind1=" " ind2=" ">
    <subfield code="c">4948</subfield>
    <subfield code="d">4948</subfield>
  </datafield>
</record>
